| 000 | 00577nam a2200217 i 4500 | ||
|---|---|---|---|
| 001 | 850024 | ||
| 005 | 20180215031911.0 | ||
| 008 | 790620s1979 maua b 001 0 eng | ||
| 010 | _a 78072065 | ||
| 020 | _a0316166103 | ||
| 040 |
_aDLC _cDLC _dDLC |
||
| 041 | _aeng | ||
| 080 | _a615.8515 cyn | ||
| 082 | 0 | 0 | _a615.8515 cyn |
| 100 | 1 | _a4 | |
| 101 | _ashm | ||
| 245 | 1 | 0 |
_aOccupational therapy : _cSimme Cynkin. |
| 504 | _aBibliography: p. 149-151. | ||
| 906 |
_a7 _bcbc _corignew _d2 _eopcn _f19 _gy-gencatlg |
||
| 942 |
_2ddc _cBK |
||
| 999 |
_c42551 _d42551 |
||